[Event "12th American Continental"]
[Site "Medellin COL"]
[Date "2017.06.13"]
[Round "5.102"]
[White "Silva, Jorge"]
[Black "Castaneda, Victor"]
[Result "1-0"]
[WhiteElo "1977"]
[BlackElo "1857"]
[EventDate "2017.06.10"]
[PlyCount "53"]

1.e4 e6 2.d4 d5 3.e5 c5 4.c3 Nc6 5.Nf3 Qb6 6.a3 cxd4 7.cxd4 Nh6 8.Nc3 Bd7 
9.Be2 Be7 10.O-O Nf5 11.Be3 Nxe3 12.fxe3 O-O 13.Na4 Qd8 14.Rc1 f6 15.exf6 
gxf6 16.Nc5 Bxc5 17.Rxc5 Qe7 18.Qc2 Qd6 19.e4 dxe4 20.Qxe4 f5 21.Qe3 Rae8 
22.Kh1 Re7 23.Rd1 Rg7 24.d5 f4 25.Qc3 Nd8 26.dxe6 Qe7 27.Rxd7 1-0

[Event "12th American Continental"]
[Site "Medellin COL"]
[Date "2017.06.13"]
[Round "5.103"]
[White "Viveros Torres, Erica Johana"]
[Black "Nino Penaloza, Cesar Gerardo"]
[Result "0-1"]
[WhiteElo "1828"]
[BlackElo "1972"]
[EventDate "2017.06.10"]
[PlyCount "124"]

1.e4 c5 2.Nf3 d6 3.d4 cxd4 4.Nxd4 Nf6 5.Nc3 a6 6.g3 e6 7.Bg2 Nbd7 8.O-O 
Be7 9.Be3 O-O 10.f4 Qc7 11.a4 Nb6 12.Bf2 Nc4 13.b3 Na5 14.Nce2 Ng4 15.Qd2 
Nxf2 16.Rxf2 Bf6 17.Rd1 Rd8 18.f5 Qb6 19.Kf1 h6 20.Bh3 e5 21.Nf3 Nc6 22.
Nc3 Ne7 23.g4 Bd7 24.Re2 Rac8 25.Nd5 Nxd5 26.exd5 Rc5 27.Qd3 Rdc8 28.c4 
Bxa4 29.bxa4 Rxc4 30.Rb1 Qa5 31.Kg2 Qxa4 32.Qb3 Qxb3 33.Rxb3 b5 34.Ra3 Ra8
35.Kg3 a5 36.Nd2 Rc2 37.Bf1 a4 38.Ne4 Rc1 39.Kf2 Bh4+ 40.Kg2 b4 41.Raa2 
Be1 42.Reb2 Ra5 43.Rc2 Rxc2+ 44.Rxc2 b3 45.Rc8+ Kh7 46.Nxd6 Ra7 47.Bc4 Bb4
48.Rc6 Rd7 49.Ne4 b2 50.Ba2 Rxd5 51.Rb6 Rd4 52.Nf2 a3 53.Rb8 Bd6 54.Rb7 f6
55.h3 e4 56.Rd7 e3 57.Rd8 h5 58.Ne4 Rxe4 59.Rxd6 e2 60.Rd8 e1=Q 61.Bg8+ 
Kh6 62.Bf7 Re2+ 0-1

[Event "12th American Continental"]
[Site "Medellin COL"]
[Date "2017.06.13"]
[Round "5.104"]
[White "Toro Castaneda, Elizabeth"]
[Black "Ramirez Gonzalez, Maria Jose"]
[Result "1-0"]
[WhiteElo "1953"]
[BlackElo "1824"]
[EventDate "2017.06.10"]
[PlyCount "57"]

1.e4 e5 2.Nf3 Nf6 3.d4 exd4 4.Nxd4 Bb4+ 5.c3 Bc5 6.Be3 Bb6 7.Bc4 Nc6 8.Nd2
Ne5 9.Be2 O-O 10.f4 Ng6 11.O-O Re8 12.Bf3 d6 13.Qc2 Bg4 14.Rae1 Bxf3 15.
gxf3 Nh5 16.f5 Ngf4 17.Kh1 d5 18.Rg1 c5 19.N4b3 d4 20.Bxf4 Nxf4 21.Nc4 d3 
22.Qd2 Bc7 23.e5 Ne2 24.Qh6 Nxg1 25.Rxg1 Kf8 26.Qxg7+ Ke7 27.Qf6+ Kf8 28.
Qh6+ Ke7 29.Qg5+ 1-0

[Event "12th American Continental"]
[Site "Medellin COL"]
[Date "2017.06.13"]
[Round "5.105"]
[White "Gutierrez Hernandez, Jorge Alejandro"]
[Black "Robledo Legarda, Andres Mauricio"]
[Result "0-1"]
[WhiteElo "1817"]
[BlackElo "1942"]
[EventDate "2017.06.10"]
[PlyCount "92"]

1.d4 Nf6 2.c4 e6 3.g3 Bb4+ 4.Bd2 Be7 5.Bg2 d5 6.Nc3 c6 7.Nf3 Nbd7 8.c5 b6 
9.b4 O-O 10.O-O Bb7 11.Qc2 Re8 12.Rfe1 e5 13.Nxe5 Nxe5 14.dxe5 Nd7 15.Na4 
Nxe5 16.Rad1 b5 17.Nb2 Bf6 18.e4 Nc4 19.Nxc4 dxc4 20.Bc3 Qc7 21.Bxf6 gxf6 
22.Rd6 a5 23.a3 axb4 24.axb4 Re6 25.Red1 Rxd6 26.cxd6 Qd7 27.Qb2 Qe6 28.d7
Rd8 29.Qd4 Kg7 30.Kf1 Qe7 31.Qd6 Qxd6 32.Rxd6 Kf8 33.Bh3 Ke7 34.Rd4 c5 35.
bxc5 Bc6 36.Ke2 Bxd7 37.Bxd7 Rxd7 38.Ke3 c3 39.Rd5 b4 40.c6 Rc7 41.Kd3 Ke6
42.Kc2 Rxc6 43.Rf5 b3+ 44.Kc1 Ra6 45.Kb1 c2+ 46.Kb2 Ra2+ 0-1

[Event "12th American Continental"]
[Site "Medellin COL"]
[Date "2017.06.13"]
[Round "5.106"]
[White "Moyses Sobrinho, Elias"]
[Black "Rodriguez Cortes, Giovanni"]
[Result "1/2-1/2"]
[WhiteElo "1938"]
[BlackElo "1772"]
[EventDate "2017.06.10"]
[PlyCount "85"]

1.d4 Nf6 2.c4 e6 3.Nc3 d5 4.Nf3 Nbd7 5.cxd5 exd5 6.g3 c6 7.Bg2 Bd6 8.a3 
O-O 9.O-O Re8 10.b4 a6 11.Qb3 Nb6 12.Nd2 Bg4 13.f3 Be6 14.Qc2 Bc7 15.Qd3 
Nc4 16.Nxc4 dxc4 17.Qd2 b5 18.e4 Bb6 19.Rd1 Qd7 20.Kh1 Rad8 21.Ne2 Bh3 22.
Bb2 Bxg2+ 23.Kxg2 Re7 24.a4 Ne8 25.axb5 axb5 26.Nf4 Nc7 27.d5 cxd5 28.exd5
Qd6 29.Re1 Rde8 30.Rxe7 Rxe7 31.Re1 Rxe1 32.Qxe1 f6 33.Bc3 Kf7 34.Qe4 g6 
35.g4 Qe7 36.h4 Ke8 37.Bxf6 Qxe4 38.fxe4 Be3 39.Ne2 Kd7 40.Nc3 Bc1 41.Kf3 
h6 42.e5 Bd2 43.e6+ 1/2-1/2

[Event "12th American Continental"]
[Site "Medellin COL"]
[Date "2017.06.13"]
[Round "5.107"]
[White "Rodriguez Arrieta, Maria Elena"]
[Black "Serna Escobar, Gustavo Dario"]
[Result "1-0"]
[WhiteElo "1926"]
[BlackElo "1763"]
[EventDate "2017.06.10"]
[PlyCount "65"]

1.e4 c5 2.Nf3 Nc6 3.d4 cxd4 4.Nxd4 d6 5.c4 e6 6.Nc3 a6 7.Be2 Be7 8.Be3 Nf6
9.O-O O-O 10.Qd2 Qc7 11.Rfd1 Rd8 12.Nc2 Bd7 13.Rac1 Rac8 14.f3 Be8 15.Qe1 
Bd7 16.Qf2 Rf8 17.Bb6 Qb8 18.Rd2 Ne5 19.b3 Nc6 20.Rcd1 Kh8 21.f4 Be8 22.
Rd3 Kg8 23.Rh3 Bd7 24.Kh1 Bd8 25.Be3 Ba5 26.Bd2 Qc7 27.Qh4 Bxc3 28.Bxc3 
Ne7 29.Rg3 Kh8 30.Ne3 Bc6 31.Bd3 d5 32.Bd2 dxc4 33.Nxc4 1-0

[Event "12th American Continental"]
[Site "Medellin COL"]
[Date "2017.06.13"]
[Round "5.113"]
[White "Pena, Alcides"]
[Black "Holliman, Bob"]
[Result "0-1"]
[WhiteElo "1728"]
[BlackElo "1898"]
[EventDate "2017.06.10"]
[PlyCount "140"]

1.d4 d5 2.Bf4 Bf5 3.e3 e6 4.Nf3 Nd7 5.Bd3 Bg6 6.Qe2 Ngf6 7.Nbd2 Be7 8.h3 
a6 9.a3 c5 10.c4 cxd4 11.exd4 dxc4 12.Nxc4 Nb6 13.Rc1 Rc8 14.O-O O-O 15.
Rfd1 Nfd5 16.Bh2 Nxc4 17.Rxc4 Rxc4 18.Bxc4 b5 19.Bd3 Bd6 20.Bxd6 Qxd6 21.
Bxg6 hxg6 22.Rc1 Qf4 23.Rc5 Qf5 24.Qc2 Qxc2 25.Rxc2 Ra8 26.g3 f6 27.Nd2 
Kf7 28.Rc5 Ke7 29.Nb3 Ra7 30.Na5 Rc7 31.b4 Kd6 32.Nb3 Nc3 33.Kf1 Nb1 34.
Rxc7 Kxc7 35.Nc5 Kd6 36.Ke2 Nxa3 37.Kd3 Nc4 38.Nxa6 Nb6 39.Ke4 Nd5 40.f4 
Ne7 41.Nc5 f5+ 42.Kd3 Nd5 43.Na6 Nf6 44.Ke3 Ne4 45.g4 Nf6 46.g5 Nd5+ 47.
Kf3 Ke7 48.h4 Kd6 49.Kg3 Ne3 50.Nc5 Nc4 51.Kf3 Nb6 52.Ke2 Nd7 53.Nd3 Kd5 
54.Ke3 Kc4 55.Nc5 Nf8 56.Na6 Kc3 57.Nc7 Kxb4 58.d5 exd5 59.Nxd5+ Kc5 60.
Nc3 Kc4 61.Nd1 b4 62.Nb2+ Kc3 63.Na4+ Kb3 64.Nb6 Ne6 65.Nd5 Kc4 66.Nb6+ 
Kb5 67.Nd5 Kc5 68.Ne7 b3 69.Kd2 Nxf4 70.Kc3 Nd5+ 0-1

[Event "12th American Continental"]
[Site "Medellin COL"]
[Date "2017.06.13"]
[Round "6.3"]
[White "Sevian, Samuel"]
[Black "Bruzon Batista, Lazaro"]
[Result "1/2-1/2"]
[WhiteElo "2601"]
[BlackElo "2650"]
[EventDate "2017.06.10"]
[PlyCount "52"]

1.e4 e5 2.Nf3 Nc6 3.Bb5 Nf6 4.d3 d6 5.c3 Be7 6.O-O O-O 7.Re1 a6 8.Ba4 Re8 
9.d4 b5 10.Bc2 Bb7 11.Nbd2 Bf8 12.d5 Nb8 13.h3 c6 14.c4 Qc7 15.dxc6 Bxc6 
16.b3 Nbd7 17.Bb2 Qb7 18.Rc1 Nc5 19.Qe2 b4 20.Nh2 a5 21.a4 h5 22.Nhf1 g6 
23.f3 Bh6 24.Qf2 Ne6 25.Ne3 Rac8 26.Rcd1 Red8 1/2-1/2

[Event "12th American Continental"]
[Site "Medellin COL"]
[Date "2017.06.13"]
[Round "6.5"]
[White "Ortiz Suarez, Isan Reynaldo"]
[Black "Tang, Andrew"]
[Result "1/2-1/2"]
[WhiteElo "2570"]
[BlackElo "2461"]
[EventDate "2017.06.10"]
[PlyCount "150"]

1.e4 e5 2.Nf3 Nc6 3.Bb5 a6 4.Ba4 Nf6 5.O-O Be7 6.d3 b5 7.Bb3 d6 8.a3 O-O 
9.Nc3 Na5 10.Ba2 Be6 11.Bg5 h6 12.Bxf6 Bxf6 13.b4 Nc6 14.Nd5 g6 15.c3 Bg7 
16.a4 Kh7 17.Ne3 Qd7 18.Qc2 Rfb8 19.Bd5 Rc8 20.Ra3 Rab8 21.axb5 axb5 22.
Qa2 Ne7 23.Bxe6 fxe6 24.Ra1 Rf8 25.Qe2 c5 26.Ra7 Rb7 27.Rxb7 Qxb7 28.Qa2 
cxb4 29.cxb4 Qd7 30.Qa6 Rc8 31.h4 Rc6 32.Qa2 Rc7 33.Qa6 Rc6 34.Qa8 Rc7 35.
Qa3 Nc6 36.Nc2 d5 37.Qa6 dxe4 38.dxe4 Nd4 39.Ncxd4 exd4 40.e5 d3 41.Rd1 
Qd5 42.Qd6 Rd7 43.Qxd5 Rxd5 44.Ne1 d2 45.Nf3 Bxe5 46.Nxe5 Rxe5 47.Rxd2 Re4
48.Rd7+ Kg8 49.g3 Kf8 50.Kg2 Rxb4 51.Rb7 Rb3 52.h5 gxh5 53.Rh7 Rc3 54.Rxh6
Rc6 55.Rxh5 Rb6 56.Rh1 b4 57.Rb1 Ke7 58.Kf3 Kd6 59.Ke4 b3 60.Kd4 Rb5 61.
Rb2 Rf5 62.f4 Rd5+ 63.Kc4 e5 64.Rxb3 Rc5+ 65.Kd3 exf4 66.gxf4 Ke6 67.Ke4 
Rc4+ 68.Kf3 Rc1 69.Rb5 Kf6 70.Rb8 Rf1+ 71.Kg3 Rg1+ 72.Kf2 Ra1 73.Rf8+ Kg7 
74.Rf5 Kg6 75.Re5 Kf6 1/2-1/2

[Event "12th American Continental"]
[Site "Medellin COL"]
[Date "2017.06.13"]
[Round "6.6"]
[White "Panesso Rivera, Henry"]
[Black "Iturrizaga Bonelli, Eduardo"]
[Result "1/2-1/2"]
[WhiteElo "2421"]
[BlackElo "2663"]
[EventDate "2017.06.10"]
[PlyCount "54"]

1.d4 Nf6 2.c4 b6 3.Nc3 Bb7 4.f3 Nc6 5.e4 e5 6.d5 Ne7 7.g3 Nc8 8.Be3 Bc5 9.
Bxc5 bxc5 10.Nh3 O-O 11.Bd3 d6 12.Qe2 Qd7 13.Nf2 a5 14.a4 Ba6 15.b3 Ne7 
16.Ng4 Nxg4 17.fxg4 Rab8 18.Rb1 Bc8 19.h3 c6 20.Qd2 Qd8 21.O-O Bd7 22.Kh2 
Rb7 23.Qc2 Nc8 24.Qd2 Ne7 25.Qc2 Nc8 26.Qd2 Ne7 27.Qc2 Nc8 1/2-1/2

[Event "12th American Continental"]
[Site "Medellin COL"]
[Date "2017.06.13"]
[Round "6.7"]
[White "Barrientos Chavarriaga, Sergio"]
[Black "Pichot, Alan"]
[Result "1-0"]
[WhiteElo "2463"]
[BlackElo "2577"]
[EventDate "2017.06.10"]
[PlyCount "183"]

1.d4 Nf6 2.c4 e6 3.Nf3 Bb4+ 4.Nbd2 O-O 5.a3 Be7 6.e4 d5 7.e5 Nfd7 8.cxd5 
exd5 9.Bd3 c5 10.O-O Nc6 11.Re1 a5 12.Bb5 Qb6 13.a4 cxd4 14.Nb3 Nc5 15.
Nfxd4 Nxb3 16.Nxb3 d4 17.Bd2 Be6 18.Qf3 Rfd8 19.Rac1 Rd5 20.Qg3 Rxb5 21.
axb5 Qxb5 22.Bh6 Bf8 23.Nc5 Kh8 24.Nxe6 fxe6 25.Bd2 d3 26.Bc3 Bc5 27.Rcd1 
Rf8 28.Rd2 Qc4 29.Rf1 b5 30.Qxd3 Qxd3 31.Rxd3 b4 32.Bd2 Nxe5 33.Rg3 Nc4 
34.Bc1 Bd4 35.b3 Nd6 36.Be3 Bf6 37.Bc5 Rd8 38.Rd1 Ne4 39.Rxd8+ Bxd8 40.Rd3
Bf6 41.Bb6 Kg8 42.f3 Nc3 43.Bxa5 Ne2+ 44.Kf1 Nc1 45.Rd6 Nxb3 46.Bxb4 Kf7 
47.Rd7+ Kg6 48.Ke2 Nd4+ 49.Kd3 Nc6 50.Bc3 Ne5+ 51.Bxe5 Bxe5 52.g3 Kf5 53.
Rf7+ Bf6 54.Ke3 Kg6 55.Rf8 Be7 56.Rb8 Bc5+ 57.Ke4 Kf6 58.f4 Bg1 59.h3 h6 
60.Rf8+ Ke7 61.Rc8 Bf2 62.g4 Bh4 63.Rc7+ Kf6 64.Rc6 Kf7 65.Ke5 Bf6+ 66.Ke4
Bh4 67.Rc5 Bd8 68.Rc8 Bh4 69.Rb8 Be1 70.Rb5 Bh4 71.Ke5 Bf6+ 72.Kd6 Be7+ 
73.Kd7 Bh4 74.Re5 Bg3 75.Re4 Bh2 76.h4 Bg3 77.h5 Bh2 78.Kd6 Bg3 79.Ke5 Bh4
80.Ra4 Bf6+ 81.Ke4 Bc3 82.Rc4 Bb2 83.Rc7+ Kf6 84.Rc5 Ke7 85.Rb5 Bc3 86.g5 
hxg5 87.fxg5 Bd2 88.Rb7+ Kf8 89.g6 Bc3 90.Rf7+ Ke8 91.Rc7 Bf6 92.h6 1-0

[Event "12th American Continental"]
[Site "Medellin COL"]
[Date "2017.06.13"]
[Round "6.8"]
[White "Duran Vega, Sergio"]
[Black "Peralta, Fernando"]
[Result "1/2-1/2"]
[WhiteElo "2408"]
[BlackElo "2569"]
[EventDate "2017.06.10"]
[PlyCount "48"]

1.d4 Nf6 2.c4 e6 3.Nf3 d5 4.g3 Bb4+ 5.Bd2 Be7 6.Bg2 O-O 7.O-O Nbd7 8.Qc2 
Ne4 9.Nc3 Nxd2 10.Nxd2 c6 11.Rad1 f5 12.e3 Rb8 13.Ne2 Bd6 14.Nf4 Qe7 15.
Nd3 Nf6 16.Nf3 Bd7 17.Nfe5 Be8 18.Rb1 Nd7 19.Nxd7 Bxd7 20.f4 a5 21.a3 b5 
22.c5 Bc7 23.b4 a4 24.h4 h5 1/2-1/2

[Event "12th American Continental"]
[Site "Medellin COL"]
[Date "2017.06.13"]
[Round "6.9"]
[White "Flores, Diego"]
[Black "Quintiliano Pinto, Renato Rodrigues"]
[Result "1/2-1/2"]
[WhiteElo "2567"]
[BlackElo "2483"]
[EventDate "2017.06.10"]
[PlyCount "82"]

1.Nf3 d5 2.c4 e6 3.d4 Nf6 4.Nc3 c6 5.Bg5 h6 6.Bxf6 Qxf6 7.e3 g6 8.Bd3 Bg7 
9.O-O dxc4 10.Bxc4 Nd7 11.Rc1 O-O 12.Bb3 Rd8 13.Qc2 Qe7 14.Ne2 Kh7 15.h4 
e5 16.Ng3 Re8 17.h5 e4 18.Nd2 Nf6 19.Qc5 Be6 20.Qxe7 Rxe7 21.hxg6+ fxg6 
22.Bxe6 Rxe6 23.Nb3 Re7 24.a3 h5 25.Rc5 Rf8 26.Nd2 Bh6 27.Re5 Rxe5 28.dxe5
Ng4 29.Nc4 b5 30.Na5 Nxf2 31.Rxf2 Bxe3 32.Nxe4 Rf4 33.Ng5+ Kh6 34.Nh3 Re4 
35.Nxc6 Rc4 36.Nd8 g5 37.Nf7+ Kg6 38.Nd6 Rc5 39.e6 Re5 40.Nxg5 Bxg5 41.Kf1
Be7 1/2-1/2

[Event "12th American Continental"]
[Site "Medellin COL"]
[Date "2017.06.13"]
[Round "6.11"]
[White "Erenburg, Sergey"]
[Black "Zapata, Alonso"]
[Result "1/2-1/2"]
[WhiteElo "2550"]
[BlackElo "2420"]
[EventDate "2017.06.10"]
[PlyCount "90"]

1.e4 c5 2.Nf3 e6 3.d4 cxd4 4.Nxd4 Nc6 5.Nc3 Qc7 6.Be3 Nf6 7.f4 d6 8.Qf3 a6
9.O-O-O Bd7 10.Nb3 Rc8 11.Bd3 Nb4 12.Kb1 b5 13.g4 Bc6 14.g5 Nxe4 15.Bxe4 
d5 16.Nxd5 Bxd5 17.c3 Bxe4+ 18.Qxe4 Qc6 19.Qd4 Nd5 20.f5 Nxe3 21.Qxe3 Bc5 
22.Qh3 Qe4+ 23.Ka1 O-O 24.f6 Qg6 25.Qf3 Qxg5 26.fxg7 Rfd8 27.Rdf1 Rd7 28.
Nxc5 Qxc5 29.Rhg1 b4 30.cxb4 Qxb4 31.a3 Qb6 32.Rg2 Qc6 33.Qh3 Rcd8 34.Rgg1
Qc2 35.Rc1 Rd1 36.Rgxd1 Rxd1 37.Rxd1 Qxd1+ 38.Ka2 Qd5+ 39.Ka1 a5 40.Qc3 e5
41.b4 axb4 42.axb4 Kxg7 43.Kb2 f5 44.Qg3+ Kf7 45.Qh3 Kg6 1/2-1/2

[Event "12th American Continental"]
[Site "Medellin COL"]
[Date "2017.06.13"]
[Round "6.12"]
[White "Mekhitarian, Krikor Sevag"]
[Black "Prasca Sosa, Rafael"]
[Result "1/2-1/2"]
[WhiteElo "2542"]
[BlackElo "2400"]
[EventDate "2017.06.10"]
[PlyCount "118"]

1.e4 c5 2.Nf3 e6 3.d4 cxd4 4.Nxd4 Nc6 5.Nc3 Qc7 6.Be3 a6 7.Qf3 Bd6 8.O-O-O
Be5 9.g3 Nf6 10.Qe2 d6 11.Bg2 Nxd4 12.Bxd4 Bxd4 13.Rxd4 e5 14.Rd3 Be6 15.
Qd2 Ke7 16.Rd1 Rhd8 17.b3 Rac8 18.f4 b5 19.Kb2 b4 20.Na4 a5 21.c3 Bg4 22.
fxe5 dxe5 23.Rxd8 Rxd8 24.Qxd8+ Qxd8 25.Rxd8 Kxd8 26.Nc5 bxc3+ 27.Kxc3 Kc7
28.Bf1 Bf3 29.Bc4 Bxe4 30.Bxf7 Bd5 31.Bxd5 Nxd5+ 32.Kc4 Kc6 33.Ne6 Ne3+ 
34.Kd3 Nf1 35.Ke4 Nxh2 36.Nxg7 Ng4 37.Nf5 Kb5 38.a3 a4 39.b4 Nf2+ 40.Kd5 
Nd3 41.Nd6+ Kb6 42.g4 Ne1 43.Nc4+ Kb5 44.Nd6+ Kb6 45.Ne4 Nc2 46.Nc3 Ne3+ 
47.Kxe5 Nxg4+ 48.Kd4 h5 49.Nxa4+ Kc6 50.Nc3 h4 51.Ke4 h3 52.Kf3 Ne5+ 53.
Kg3 Nc4 54.a4 Nb2 55.b5+ Kb6 56.Nd5+ Kc5 57.b6 Kc6 58.a5 Nc4 59.a6 Nxb6 
1/2-1/2

[Event "12th American Continental"]
[Site "Medellin COL"]
[Date "2017.06.13"]
[Round "6.16"]
[White "Shabalov, Alexander"]
[Black "Valdes Romero, Leonardo"]
[Result "1-0"]
[WhiteElo "2556"]
[BlackElo "2407"]
[EventDate "2017.06.10"]
[PlyCount "111"]

1.e4 d6 2.d4 Nf6 3.Nc3 e5 4.Nge2 Be7 5.g3 c6 6.Bg2 O-O 7.a4 a5 8.O-O Na6 
9.h3 Nb4 10.Be3 Be6 11.f4 Bc4 12.Rf2 Re8 13.g4 h6 14.Ng3 Bf8 15.b3 Ba6 16.
g5 hxg5 17.fxg5 Nh7 18.h4 exd4 19.Bxd4 c5 20.Be3 d5 21.Qf3 Qe7 22.Nf5 Qe5 
23.Bf4 dxe4 24.Qh3 e3 25.Bxe5 exf2+ 26.Kxf2 Rxe5 27.Be4 Rae8 28.Qf3 g6 29.
Ng3 Bg7 30.Rd1 R5e7 31.Nd5 Nxd5 32.Bxd5 Bd4+ 33.Kg2 Be2 34.Nxe2 Rxe2+ 35.
Kh1 Rf2 36.Bxf7+ Kf8 37.Qxf2 Bxf2 38.Bxe8 Kxe8 39.Kg2 Bd4 40.Kf3 Nf8 41.
Ke4 Ne6 42.Kd5 Kd7 43.Rf1 Nd8 44.Rf3 b6 45.Kc4 Kc6 46.Rf8 Ne6 47.Rc8+ Kd7 
48.Rg8 Bf2 49.Kb5 Bxh4 50.Kxb6 Be1 51.Rxg6 Bd2 52.Rg8 Nxg5 53.Kxc5 Ne6+ 
54.Kb6 Nd4 55.Rg3 Be1 56.Rd3 1-0

[Event "12th American Continental"]
[Site "Medellin COL"]
[Date "2017.06.13"]
[Round "6.17"]
[White "Vasquez Schroder, Rodrigo"]
[Black "Fernandez Reyes, Lisandro"]
[Result "1-0"]
[WhiteElo "2553"]
[BlackElo "2402"]
[EventDate "2017.06.10"]
[PlyCount "125"]

1.e4 Nf6 2.e5 Nd5 3.d4 d6 4.Nf3 g6 5.Bc4 Nb6 6.Bb3 Bg7 7.Qe2 d5 8.h3 a5 9.
a4 O-O 10.O-O Na6 11.Be3 c6 12.Ne1 f6 13.f4 Be6 14.Nd2 fxe5 15.dxe5 c5 16.
c3 Qd7 17.Qb5 Qc6 18.Ne4 Rac8 19.Ng5 Bd7 20.Qe2 Nc7 21.Kh2 h6 22.Ngf3 Be6 
23.Nh4 d4 24.Bxe6+ Qxe6 25.cxd4 cxd4 26.Bxd4 Ncd5 27.Nd3 Rc4 28.Bxb6 Qxb6 
29.g3 Rfc8 30.Rfc1 g5 31.Ng2 gxf4 32.gxf4 Qd4 33.Rxc4 Rxc4 34.Rd1 Qb6 35.
Rg1 Qc6 36.Qf3 Rc2 37.Kh1 Nb4 38.Qxc6 Nxc6 39.Ne3 Rd2 40.Nc5 Nd4 41.Rd1 
Rxd1+ 42.Nxd1 b6 43.Nd3 Kf7 44.Ne3 Kg6 45.Kg2 e6 46.Nc4 Bf8 47.Kf2 Kf5 48.
Nd6+ Kg6 49.Ke3 Nc6 50.Ke4 Kh5 51.f5 exf5+ 52.Nxf5 Kg6 53.Nf4+ Kf7 54.Nd4 
Nd8 55.Kd5 Nb7 56.Nd3 Kg6 57.Ne6 Be7 58.Ke4 Kf7 59.Kf5 Bb4 60.Nc7 Bd2 61.
Nd5 b5 62.axb5 a4 63.Nb6 1-0

[Event "12th American Continental"]
[Site "Medellin COL"]
[Date "2017.06.13"]
[Round "6.21"]
[White "Vera Siguenas, Deivy"]
[Black "Palencia Morales, Wilson Guillermo"]
[Result "1-0"]
[WhiteElo "2526"]
[BlackElo "2343"]
[EventDate "2017.06.10"]
[PlyCount "119"]

1.e4 e6 2.d4 d5 3.Nd2 dxe4 4.Nxe4 Be7 5.Nf3 Nf6 6.Nxf6+ Bxf6 7.Bd3 c5 8.
dxc5 Nd7 9.O-O Nxc5 10.Bb5+ Bd7 11.Qe2 O-O 12.Be3 Bxb5 13.Qxb5 b6 14.Rad1 
Qe8 15.Qb4 a5 16.Qa3 Qc6 17.Bd4 Bxd4 18.Nxd4 Qa4 19.Qc3 Qb4 20.Ne2 Na4 21.
Qxb4 axb4 22.b3 Nc5 23.Nc1 Rfd8 24.f3 e5 25.Kf2 f5 26.Rfe1 e4 27.Ke3 g5 
28.Rxd8+ Rxd8 29.fxe4 Nxe4 30.Nd3 Nf6 31.Kd2 Ne4+ 32.Kc1 Rd4 33.Ne5 Nc3 
34.Nc6 Rf4 35.Kb2 Rf2 36.Nxb4 Ne2 37.Nd5 f4 38.Nxb6 Rxg2 39.a4 f3 40.a5 
Nd4 41.Kc3 Nb5+ 42.Kd3 Rxh2 43.Nd5 h5 44.c4 Rh3 45.cxb5 f2+ 46.Ke2 fxe1=Q+
47.Kxe1 Rxb3 48.b6 h4 49.a6 h3 50.a7 h2 51.a8=Q+ Kg7 52.Qb7+ Kh8 53.Qb8+ 
Kg7 54.Qe5+ Kg6 55.Qe6+ Kg7 56.Qe5+ Kg6 57.Qxh2 Rb1+ 58.Kf2 Rb2+ 59.Kg3 
Rxh2 60.Kxh2 1-0

[Event "12th American Continental"]
[Site "Medellin COL"]
[Date "2017.06.13"]
[Round "6.23"]
[White "Gonzalez Acosta, Bernal Manuel"]
[Black "Baules, Jorge"]
[Result "1/2-1/2"]
[WhiteElo "2494"]
[BlackElo "2355"]
[EventDate "2017.06.10"]
[PlyCount "51"]

1.e4 c5 2.Nf3 d6 3.c3 Nf6 4.Be2 g6 5.O-O Bg7 6.Re1 O-O 7.Bf1 Bg4 8.h3 Bxf3
9.Qxf3 Nc6 10.d3 b5 11.d4 cxd4 12.Bxb5 Ne5 13.Qe2 Qb6 14.cxd4 Qxd4 15.Nc3 
Rac8 16.Ba6 Rb8 17.Rb1 Qb6 18.Be3 Qa5 19.Red1 Ned7 20.f3 Nh5 21.b4 Rxb4 
22.Rxb4 Qxb4 23.Nd5 Qa3 24.Nxe7+ Kh8 25.Nc6 Nc5 26.Bc4 1/2-1/2

[Event "12th American Continental"]
[Site "Medellin COL"]
[Date "2017.06.13"]
[Round "6.24"]
[White "Zavarce, Oscar Enrique"]
[Black "Hungaski, Robert"]
[Result "1/2-1/2"]
[WhiteElo "2364"]
[BlackElo "2492"]
[EventDate "2017.06.10"]
[PlyCount "93"]

1.e4 e5 2.Nf3 Nc6 3.Bc4 Bc5 4.O-O Nf6 5.d3 d6 6.c3 a6 7.Re1 Ba7 8.Bb3 h6 
9.Nbd2 O-O 10.Nf1 Re8 11.Ng3 Be6 12.Bxe6 Rxe6 13.Nh4 d5 14.Qf3 Bc5 15.Nhf5
Bf8 16.Ne3 dxe4 17.dxe4 g6 18.Nd5 Rd6 19.Rd1 Bg7 20.Be3 Nd7 21.Rd2 Ne7 22.
c4 c6 23.c5 Rxd5 24.exd5 cxd5 25.Rxd5 Nxd5 26.Qxd5 Qc7 27.Ne4 Nf8 28.Rd1 
Ne6 29.Nd6 Re8 30.b4 Qd7 31.h3 h5 32.Rd2 Nf8 33.Qb3 Qe6 34.Qxe6 Nxe6 35.
Nc4 Rd8 36.Na5 Rxd2 37.Bxd2 Nd8 38.a4 Kf8 39.b5 axb5 40.axb5 Ke8 41.c6 
bxc6 42.bxc6 Ne6 43.Nc4 Bf8 44.Nxe5 Bd6 45.Bc3 Nd8 46.Nc4 Ke7 47.Na5 
1/2-1/2

[Event "12th American Continental"]
[Site "Medellin COL"]
[Date "2017.06.13"]
[Round "6.33"]
[White "Leon, Orlando"]
[Black "Valderrama Quiceno, Esteban"]
[Result "1/2-1/2"]
[WhiteElo "2167"]
[BlackElo "2413"]
[EventDate "2017.06.10"]
[PlyCount "77"]

1.d4 Nf6 2.Nf3 e6 3.Bf4 c5 4.e3 b6 5.Be2 cxd4 6.exd4 Bb7 7.O-O Be7 8.Ne5 
O-O 9.Bf3 d5 10.Nd2 Nc6 11.Nxc6 Bxc6 12.Re1 Ba4 13.Qb1 Qd7 14.c3 Rfc8 15.
Be2 a5 16.Bd3 Bb5 17.Bc2 Qb7 18.Nf3 Be8 19.a4 b5 20.axb5 Bxb5 21.Ne5 a4 
22.Re3 Be8 23.g4 g6 24.h4 Ra6 25.h5 Rb6 26.Ra2 Ne4 27.hxg6 fxg6 28.Bxe4 
dxe4 29.Qxe4 Qxe4 30.Rxe4 g5 31.Bg3 a3 32.bxa3 Rxc3 33.Re3 Rc1+ 34.Kg2 Ba4
35.f3 Rbb1 36.Nd3 Rg1+ 37.Kh2 Rh1+ 38.Kg2 Rhg1+ 39.Kh2 1/2-1/2

[Event "12th American Continental"]
[Site "Medellin COL"]
[Date "2017.06.13"]
[Round "6.47"]
[White "Saltos Velez, Adrian"]
[Black "Estrada Nieto, Julian"]
[Result "1/2-1/2"]
[WhiteElo "2099"]
[BlackElo "2263"]
[EventDate "2017.06.10"]
[PlyCount "84"]

1.Nf3 d5 2.c4 dxc4 3.Qa4+ c6 4.Qxc4 Nf6 5.Nc3 b5 6.Qb3 e6 7.a3 Bb7 8.d4 a6
9.Bg5 c5 10.dxc5 Bxc5 11.Rd1 Qb6 12.e3 Nbd7 13.Be2 O-O 14.O-O h6 15.Bh4 
Rfd8 16.Rd2 Be7 17.Rfd1 Nc5 18.Qc2 Rxd2 19.Nxd2 Rc8 20.Qb1 Rd8 21.b4 Ncd7 
22.Bf3 Ne5 23.Bxb7 Qxb7 24.Bg3 Ng6 25.Nb3 Rxd1+ 26.Qxd1 h5 27.h3 h4 28.Bh2
Qc8 29.Qd3 Nd7 30.Ne2 Nde5 31.Qc3 Qxc3 32.Nxc3 Nc4 33.Nb1 Kf8 34.Kf1 Ke8 
35.N3d2 Nxd2+ 36.Nxd2 Kd7 37.Ke2 Bf6 38.Kd3 Kc6 39.Bb8 Kb7 40.Bd6 Kc6 41.
Bb8 Kb7 42.Bd6 Kc6 1/2-1/2

[Event "12th American Continental"]
[Site "Medellin COL"]
[Date "2017.06.13"]
[Round "6.51"]
[White "Cortes Orihuela, Javier"]
[Black "Florez, Carlos Julio"]
[Result "1-0"]
[WhiteElo "2235"]
[BlackElo "2039"]
[EventDate "2017.06.10"]
[PlyCount "127"]

1.d4 Nf6 2.c4 g6 3.Nc3 Bg7 4.e4 d6 5.Nf3 O-O 6.h3 Na6 7.Bg5 h6 8.Be3 Qe8 
9.g4 e5 10.d5 Nc5 11.Nd2 a5 12.Be2 Bd7 13.h4 Qc8 14.Rg1 c6 15.h5 g5 16.f3 
Qc7 17.Rc1 Rfc8 18.Kf2 Bf8 19.b3 Qd8 20.a3 Be7 21.b4 axb4 22.axb4 Na6 23.
Qb3 c5 24.bxc5 Nxc5 25.Qb2 Ra6 26.Ra1 Rca8 27.Rxa6 bxa6 28.Bxc5 dxc5 29.
Ra1 Bd6 30.Ra3 Bc8 31.Nf1 Rb8 32.Qa1 Qb6 33.Ng3 Ne8 34.Nd1 Qb4 35.Ne3 Qb2 
36.Qxb2 Rxb2 37.Nd1 Rb4 38.Nc3 Bf8 39.Nf1 Nd6 40.Ne3 Ne8 41.Nc2 Rb2 42.Na1
Rb4 43.Ke1 Nd6 44.Nc2 Rb2 45.Kd1 Ne8 46.Kc1 Rb8 47.Na1 Rb4 48.Nb3 Nd6 49.
Na5 Bd7 50.Na2 Ra4 51.Rxa4 Bxa4 52.Nc3 Bd7 53.Bd1 Be7 54.Ba4 Bc8 55.Nc6 
Kf8 56.Bb3 f6 57.Na4 Bd7 58.Nxe7 Kxe7 59.Nxc5 a5 60.Kc2 a4 61.Ba2 Nc8 62.
Kc3 Be8 63.Kb4 Kd6 64.Nd3 1-0

[Event "12th American Continental"]
[Site "Medellin COL"]
[Date "2017.06.13"]
[Round "6.52"]
[White "Zambrano Acebo, Junior"]
[Black "Pazos Gambarrotti, Plinio"]
[Result "1-0"]
[WhiteElo "1933"]
[BlackElo "2232"]
[EventDate "2017.06.10"]
[PlyCount "69"]

1.d4 g6 2.g3 Bg7 3.Bg2 c5 4.Nf3 cxd4 5.Nxd4 Nc6 6.Nb3 Nf6 7.Nc3 O-O 8.O-O 
d6 9.h3 Be6 10.e4 Rc8 11.Nd5 Nd7 12.c3 Nce5 13.Rb1 Nc5 14.Nxc5 dxc5 15.f4 
Nc6 16.Be3 b6 17.Qd2 Qe8 18.Rbd1 f6 19.b3 Bf7 20.c4 e6 21.Nc3 Rd8 22.Qf2 
Qe7 23.Kh2 Rxd1 24.Rxd1 Rd8 25.Rxd8+ Qxd8 26.Qd2 Qxd2 27.Bxd2 Nd4 28.Nb5 
Nxb5 29.cxb5 e5 30.fxe5 fxe5 31.Bf1 Kf8 32.Bc4 Be8 33.b4 Bf6 34.bxc5 bxc5 
35.Be3 1-0

[Event "12th American Continental"]
[Site "Medellin COL"]
[Date "2017.06.13"]
[Round "6.54"]
[White "Quishpe Vaca, Andres"]
[Black "Harper, Ryan"]
[Result "0-1"]
[WhiteElo "1929"]
[BlackElo "2209"]
[EventDate "2017.06.10"]
[PlyCount "67"]

1.d4 d5 2.Bf4 Nf6 3.e3 c5 4.c3 Nc6 5.Nd2 e6 6.Ngf3 Bd6 7.Bxd6 Qxd6 8.Bb5 
O-O 9.O-O a6 10.Bxc6 Qxc6 11.Ne5 Qc7 12.f4 Nd7 13.Qh5 f6 14.Nd3 c4 15.Ne1 
b5 16.Rf3 Rf7 17.Rh3 Nf8 18.g4 g6 19.Qh4 e5 20.fxe5 fxe5 21.Nef3 exd4 22.
exd4 h5 23.Ne5 Rh7 24.Rf1 Be6 25.Qg5 Bxg4 26.Nxg4 hxg4 27.Qxd5+ Rf7 28.Rg3
Re8 29.Rxg4 Re2 30.Qxf7+ Qxf7 31.Rxf7 Kxf7 32.Rf4+ Ke6 33.Re4+ Rxe4 34.
Nxe4 0-1